| 000 | 00604nam#a22002415a#4500 | ||
|---|---|---|---|
| 001 | 2445 | ||
| 245 | 1 | 0 |
_aObra poética / _cFrancisco Urondo. |
| 250 | _a1ª edic. | ||
| 260 |
_aBuenos Aires : _bAdriana Hidalgo, _c2014. |
||
| 300 |
_a480 p. ; _c19 cm. |
||
| 490 | 0 | _aLa lengua | |
| 500 | _aPertenece a la colección Juan Gelman. | ||
| 020 | _a9789871923816 | ||
| 100 | 1 | _aUrondo, Francisco. | |
| 080 | _a82-1 | ||
| 084 | _aU58 | ||
| 653 | _aPoesía | ||
| 040 |
_aAR-ClEAG _cAR-ClEAG |
||
| 008 | 141027s2014####ag############000#0#und#d | ||
| 005 | 20241107184745.0 | ||
| 003 | AR-ClEAG | ||
| 942 | _cBK | ||
| 999 |
_c2445 _d2445 |
||
| 980 |
_62 _aEvangelina Gallicchio _82 _gEvangelina Gallicchio |
||